000 00354nam a2200145Ia 4500
005 20251222152010.0
008 251222s9999||||xx |||||||||||||| ||spa||
020 _a9972280705
082 _a819.95/K85
100 _aKrysinski, Wladimir
245 0 _aComparación y Sentidos
250 _a1ra.ed.
264 _bFondo Editorial de la UCSS
942 _cLIB
999 _c24853
_d24853